<?xml version="1.0" encoding="UTF-8"?>
<collection xmlns="http://www.loc.gov/MARC21/slim">
 <record>
  <leader>01207nam a22002417a 4500</leader>
  <controlfield tag="001">NCT_29476</controlfield>
  <controlfield tag="008">180413b        xxu||||| |||| 00| 0 vie d</controlfield>
  <datafield tag="999" ind1=" " ind2=" ">
   <subfield code="c">1419</subfield>
   <subfield code="d">1419</subfield>
  </datafield>
  <datafield tag="020" ind1=" " ind2=" ">
   <subfield code="c">37000</subfield>
  </datafield>
  <datafield tag="082" ind1="0" ind2="4">
   <subfield code="2">23rd ed.</subfield>
   <subfield code="a">612.015</subfield>
   <subfield code="b">Th550</subfield>
  </datafield>
  <datafield tag="100" ind1="1" ind2=" ">
   <subfield code="a">Phạm Thị Minh Thư</subfield>
   <subfield code="e">Chủ biên</subfield>
  </datafield>
  <datafield tag="245" ind1="1" ind2="0">
   <subfield code="a">Hóa sinh</subfield>
   <subfield code="b">: Dùng cho đào tạo cao đẳng y học</subfield>
   <subfield code="c">Phạm Thị Minh Thư, Lê Thị Thủy</subfield>
  </datafield>
  <datafield tag="260" ind1=" " ind2=" ">
   <subfield code="a">H.</subfield>
   <subfield code="b">Giáo dục Việt Nam</subfield>
   <subfield code="c">2010</subfield>
  </datafield>
  <datafield tag="300" ind1=" " ind2=" ">
   <subfield code="a">151 tr.</subfield>
   <subfield code="b">Minh họa</subfield>
   <subfield code="c">27cm</subfield>
  </datafield>
  <datafield tag="500" ind1=" " ind2=" ">
   <subfield code="a">ĐTTS ghi: Bộ Y Tế</subfield>
  </datafield>
  <datafield tag="653" ind1=" " ind2=" ">
   <subfield code="a">Y đa khoa</subfield>
  </datafield>
  <datafield tag="653" ind1=" " ind2=" ">
   <subfield code="a">Dược học</subfield>
  </datafield>
  <datafield tag="700" ind1="1" ind2=" ">
   <subfield code="a">Lê Thị thủy</subfield>
   <subfield code="e">Chủ biên</subfield>
  </datafield>
  <datafield tag="942" ind1=" " ind2=" ">
   <subfield code="2">ddc</subfield>
   <subfield code="c">BK</subfield>
  </datafield>
  <datafield tag="952" ind1=" " ind2=" ">
   <subfield code="0">0</subfield>
   <subfield code="1">0</subfield>
   <subfield code="2">ddc</subfield>
   <subfield code="4">0</subfield>
   <subfield code="6">612_015000000000000_TH550</subfield>
   <subfield code="7">0</subfield>
   <subfield code="9">6874</subfield>
   <subfield code="a">000001</subfield>
   <subfield code="b">000001</subfield>
   <subfield code="d">2018-04-13</subfield>
   <subfield code="l">5</subfield>
   <subfield code="o">612.015 Th550</subfield>
   <subfield code="p">MD.12066</subfield>
   <subfield code="r">2021-06-08</subfield>
   <subfield code="s">2021-06-04</subfield>
   <subfield code="v">37000.00</subfield>
   <subfield code="w">2018-04-13</subfield>
   <subfield code="y">BK</subfield>
  </datafield>
  <datafield tag="952" ind1=" " ind2=" ">
   <subfield code="0">0</subfield>
   <subfield code="1">0</subfield>
   <subfield code="2">ddc</subfield>
   <subfield code="4">0</subfield>
   <subfield code="6">612_015000000000000_TH550</subfield>
   <subfield code="7">0</subfield>
   <subfield code="9">6875</subfield>
   <subfield code="a">000001</subfield>
   <subfield code="b">000001</subfield>
   <subfield code="d">2018-04-13</subfield>
   <subfield code="o">612.015 Th550</subfield>
   <subfield code="p">MD.12067</subfield>
   <subfield code="r">2018-04-13</subfield>
   <subfield code="v">37000.00</subfield>
   <subfield code="w">2018-04-13</subfield>
   <subfield code="y">BK</subfield>
  </datafield>
  <datafield tag="952" ind1=" " ind2=" ">
   <subfield code="0">0</subfield>
   <subfield code="1">0</subfield>
   <subfield code="2">ddc</subfield>
   <subfield code="4">0</subfield>
   <subfield code="6">612_015000000000000_TH550</subfield>
   <subfield code="7">0</subfield>
   <subfield code="9">6876</subfield>
   <subfield code="a">000001</subfield>
   <subfield code="b">000001</subfield>
   <subfield code="d">2018-04-13</subfield>
   <subfield code="l">5</subfield>
   <subfield code="o">612.015 Th550</subfield>
   <subfield code="p">MD.12068</subfield>
   <subfield code="r">2021-06-08</subfield>
   <subfield code="s">2021-06-04</subfield>
   <subfield code="v">37000.00</subfield>
   <subfield code="w">2018-04-13</subfield>
   <subfield code="y">BK</subfield>
  </datafield>
  <datafield tag="980" ind1=" " ind2=" ">
   <subfield code="a">Thư viện Trường Đại học Nam Cần Thơ</subfield>
  </datafield>
 </record>
</collection>
